000 00917cam a22003017a 4500
003 CHAP
005 20220329133006.0
008 971013s1988 r 00010 d
010 _a1018
011 _a1990
035 _a1175
040 _cCHAP
082 _a001.6424
_bB38Y
100 0 0 _aBates, William.
_910803
245 0 _adBase III plus en redes locales
260 _aMéxico, D. F. :
_b[McGraw-Hill?],
_c1988
300 _a298 p.
_b: ilus.
500 _a40-4
590 _aBATCH-UPD
_b10
_c20130110
_lUCH01
_h1935
590 _aBATCH-UPD
_b10
_c20130410
_lUCH01
_h1259
590 _aBATCH-UPD
_b10
_c20130914
_lUCH01
_h1629
590 _aCONVERSION
_b10
_c20130109
_lUCH01
_h1302
650 1 4 _aDBase III Plus (Programación)
_931357
650 1 4 _aLenguajes de programación.
_965989
901 _aBK
942 _cLIBRO
949 _a001.6424 B38Y
_bBC
_cLIBRO
_d33724000583647
_eLIBRO
_gI. c/e
_h77673
_i1175
_si
_t65.00
999 _c1018
_d1018